000 00198 a2200097 4500
001 2587
100 _aMc Scotch,
245 _aFighter pilot
260 _a
_bGeorge Routledge
_c
090 _c1884
_d1884
942 _aNUST-CAE
_cM
_c9824
999 _c237660
_d237660